[Event "HUN-chT2 Breyer 1718"]
[Site "Hungary"]
[Date "2018.03.04"]
[Round "9.7"]
[White "Kulcsar, Tamas"]
[Black "Andahazy, Kolos"]
[Result "1-0"]
[WhiteElo "2034"]
[BlackElo "1893"]
[PlyCount "59"]
[EventDate "2017.09.24"]
[EventType "team-tourn"]
[EventRounds "11"]
[EventCountry "HUN"]
[SourceTitle "EXT 2021"]
[Source "ChessBase"]
[SourceDate "2020.10.23"]
[SourceVersion "1"]
[SourceVersionDate "2020.10.23"]
[SourceQuality "1"]
[WhiteTeam "Vizugy"]
[BlackTeam "Paty"]
[WhiteTeamCountry "HUN"]
[BlackTeamCountry "HUN"]

1. d4 Nf6 2. c4 c5 3. d5 b5 4. cxb5 a6 5. f3 g6 6. e4 d6 7. a4 Bg7 8. Na3 0-0 9. Ne2 axb5 10. Nxb5 Nbd7 11. Nec3 Ba6 12. Be2 Ne8 13. 0-0 Nc7 14. Bg5 Nxb5 15. Bxb5 Bxb5 16. axb5 Re8 17. Ra6 f6 18. Be3 Rxa6 19. bxa6 Qb8 20. Qa4 Rd8 21. Rb1 Qc8 22. Qc6 Nb6 23. Qxc8 Rxc8 24. a7 Nd7 25. b4 Ra8 26. bxc5 Rxa7 27. c6 Nc5 28. Bxc5 dxc5 29. Rb7 Ra8 30. c7 1-0

[Event "HUN-chT2 Breyer 1718"]
[Site "Hungary"]
[Date "2017.12.03"]
[Round "5.6"]
[White "Kadlicsko, Jozsef"]
[Black "Kulcsar, Tamas"]
[Result "1-0"]
[WhiteElo "2083"]
[BlackElo "2034"]
[PlyCount "105"]
[EventDate "2017.09.24"]
[EventType "team-tourn"]
[EventRounds "11"]
[EventCountry "HUN"]
[SourceTitle "EXT 2021"]
[Source "ChessBase"]
[SourceDate "2020.10.23"]
[SourceVersion "1"]
[SourceVersionDate "2020.10.23"]
[SourceQuality "1"]
[WhiteTeam "Szekesfehervar"]
[BlackTeam "Vizugy"]
[WhiteTeamCountry "HUN"]
[BlackTeamCountry "HUN"]

1. d4 Nf6 2. c4 g6 3. Nc3 Bg7 4. e4 d6 5. Nge2 0-0 6. Ng3 e5 7. d5 Nbd7 8. Be2 a5 9. b3 Nc5 10. h4 h6 11. h5 g5 12. Rb1 Bd7 13. a3 Qc8 14. b4 axb4 15. axb4 Na4 16. Bd2 Nxc3 17. Bxc3 Ra3 18. Qc1 Qa8 19. 0-0 Qa7 20. Ra1 Ra8 21. Bb2 Rxa1 22. Qxa1 Qxa1 23. Rxa1 Rxa1+ 24. Bxa1 Ba4 25. Kf1 Bc2 26. f3 Kf8 27. Ke1 Ke8 28. Kd2 Ba4 29. Nf5 Bf8 30. g4 Bd7 31. Ne3 Kd8 32. Bb2 c6 33. dxc6 bxc6 34. Ba3 Kc7 35. Kc3 Be6 36. Kb3 d5 37. exd5 cxd5 38. cxd5 Bxd5+ 39. Nxd5+ Nxd5 40. Bc4 Nf4 41. Bxf7 Ne2 42. Bd5 Nd4+ 43. Ka4 Nc2 44. Be4 Nd4 45. Bb2 Kb6 46. Bxd4+ exd4 47. Kb3 Bg7 48. Kc4 Bf6 49. b5 Bg7 50. Bd3 Bf6 51. Kd5 Bh8 52. Ke6 Kc5 53. Kf7 1-0

[Event "HUN-chT2 Breyer 1617"]
[Site "Hungary"]
[Date "2016.10.30"]
[Round "1.5"]
[White "Szegi, Tamas"]
[Black "Kulcsar, Tamas"]
[Result "1-0"]
[WhiteElo "2169"]
[BlackElo "2048"]
[PlyCount "47"]
[EventDate "2016.10.30"]
[EventType "team-tourn"]
[EventRounds "9"]
[EventCountry "HUN"]
[SourceTitle "EXT 2021"]
[Source "ChessBase"]
[SourceDate "2020.10.23"]
[SourceVersion "1"]
[SourceVersionDate "2020.10.23"]
[SourceQuality "1"]
[WhiteTeam "Kisber Aszar"]
[BlackTeam "Vizugy"]
[WhiteTeamCountry "HUN"]
[BlackTeamCountry "HUN"]

1. e4 e5 2. d4 exd4 3. c3 dxc3 4. Bc4 cxb2 5. Bxb2 d5 6. exd5 Bb4+ 7. Kf1 Nf6 8. Qa4+ c6 9. Qxb4 Nxd5 10. Bxd5 Qxd5 11. Nc3 Qd3+ 12. Nge2 a5 13. Qe4+ Qxe4 14. Nxe4 0-0 15. f3 Na6 16. Kf2 Be6 17. Rhd1 Rfd8 18. Nd4 Bd5 19. Nf5 Nb4 20. Bxg7 Bxe4 21. fxe4 Rxd1 22. Rxd1 Nxa2 23. Rd3 f6 24. Rd7 1-0

[Event "HUN-chT2 Breyer 1516"]
[Site "Hungary"]
[Date "2016.02.14"]
[Round "7.6"]
[White "Sarok, Peter"]
[Black "Kulcsar, Tamas"]
[Result "1-0"]
[WhiteElo "2139"]
[BlackElo "2053"]
[PlyCount "29"]
[EventDate "2015.09.13"]
[EventType "team-tourn"]
[EventRounds "11"]
[EventCountry "HUN"]
[SourceTitle "EXT 2017"]
[Source "ChessBase"]
[SourceDate "2016.10.25"]
[SourceVersion "1"]
[SourceVersionDate "2016.10.25"]
[SourceQuality "1"]
[WhiteTeam "Kisber Aszar"]
[BlackTeam "Vizugy"]
[WhiteTeamCountry "HUN"]
[BlackTeamCountry "HUN"]

1. d4 Nf6 2. Bf4 g6 3. Nc3 Bg7 4. e4 d6 5. Qd2 0-0 6. Nf3 c6 7. a4 Qa5 8. Be2 Nbd7 9. 0-0 Re8 10. Rad1 e5 11. dxe5 dxe5 12. Bh6 Nc5 13. Bxg7 Kxg7 14. Rfe1 Ncxe4 15. Nxe4 1-0

[Event "HUN-chT2 Breyer 1516"]
[Site "Hungary"]
[Date "2015.10.04"]
[Round "2.6"]
[White "Kulcsar, Tamas"]
[Black "Toth, Gyula"]
[Result "1-0"]
[WhiteElo "2053"]
[BlackElo "2007"]
[PlyCount "105"]
[EventDate "2015.09.13"]
[EventType "team-tourn"]
[EventRounds "11"]
[EventCountry "HUN"]
[SourceTitle "CBM 170 Extra"]
[Source "ChessBase"]
[SourceDate "2016.02.25"]
[SourceVersion "1"]
[SourceVersionDate "2016.02.25"]
[SourceQuality "1"]
[WhiteTeam "Vizugy"]
[BlackTeam "Nyergesujfalu"]
[WhiteTeamCountry "HUN"]
[BlackTeamCountry "HUN"]

1. d4 d5 2. Nf3 Nf6 3. c4 c6 4. Nc3 e6 5. e3 Nbd7 6. Be2 dxc4 7. Bxc4 b5 8. Bd3 a6 9. 0-0 c5 10. Qe2 Bb7 11. Rd1 c4 12. Bc2 Qc7 13. e4 b4 14. Na4 Be7 15. e5 Nd5 16. Ng5 Bxg5 17. Bxg5 Qc6 18. f3 h6 19. Be3 Qc7 20. Bf2 0-0 21. Qe4 g6 22. Qg4 Kg7 23. Nc5 Nxc5 24. dxc5 c3 25. bxc3 bxc3 26. h4 h5 27. Qc4 Rfd8 28. Be4 Qa5 29. Rdc1 Rac8 30. Bxd5 Bxd5 31. Qxc3 Qxc3 32. Rxc3 Rc6 33. Rd1 Rb8 34. Rd2 Rb4 35. Rcc2 Rb5 36. Rb2 Kf8 37. Be3 Ke8 38. a4 Rxb2 39. Rxb2 Kd7 40. Rb7+ Rc7 41. Rb6 Rc6 42. a5 Rxb6 43. cxb6 Kc6 44. Kf2 Bc4 45. Bd2 Bd3 46. Ke3 Bc2 47. Kf4 Bd3 48. Kg5 Bf1 49. Kf6 Bxg2 50. Kxf7 Bxf3 51. Kxe6 Bd5+ 52. Ke7 Be4 53. e6 1-0

[Event "HUN-chT2 Erkel 1314"]
[Site "Hungary"]
[Date "2013.11.03"]
[Round "4.6"]
[White "Kulcsar, Tamas"]
[Black "Mester, Attila"]
[Result "1/2-1/2"]
[WhiteElo "2064"]
[BlackElo "2071"]
[PlyCount "87"]
[EventDate "2013.09.08"]
[EventType "team-tourn"]
[EventRounds "11"]
[EventCountry "HUN"]
[SourceTitle "EXT 2016"]
[Source "ChessBase"]
[SourceDate "2015.10.08"]
[SourceVersion "1"]
[SourceVersionDate "2015.10.08"]
[SourceQuality "1"]
[WhiteTeam "Vizugy"]
[BlackTeam "Pestszentlorinc"]
[WhiteTeamCountry "HUN"]
[BlackTeamCountry "HUN"]

1. d4 Nf6 2. c4 e6 3. Nf3 c5 4. d5 exd5 5. cxd5 d6 6. Nc3 g6 7. Nd2 Bg7 8. Nc4 0-0 9. Bf4 Ne8 10. Qd2 a6 11. a4 b6 12. e4 Ra7 13. Bd3 f5 14. 0-0 Bxc3 15. bxc3 fxe4 16. Bxe4 Raf7 17. Bg3 Qc7 18. Rab1 b5 19. axb5 axb5 20. Na3 b4 21. cxb4 cxb4 22. Rfc1 Qd8 23. Qxb4 Na6 24. Qb6 Qd7 25. Qc6 Bb7 26. Qxd7 Rxd7 27. Nb5 Nc5 28. f3 Rff7 29. Bh4 Rf4 30. g3 Rxe4 31. fxe4 Nxe4 32. Nc7 Rxc7 33. Rxc7 Nxc7 34. Rxb7 Nxd5 35. Be7 Ne3 36. Rb3 Nf5 37. Bd8 h5 38. Rb7 Kf8 39. Kg2 Ke8 40. Ba5 Nc5 41. Rh7 Ne4 42. Ra7 Nc5 43. Bb4 Nd7 44. Kf3 1/2-1/2

[Event "HUN-chT2 Erkel 1314"]
[Site "Hungary"]
[Date "2013.09.22"]
[Round "2.6"]
[White "Kulcsar, Tamas"]
[Black "Gara, Gyorgy"]
[Result "0-1"]
[WhiteElo "2064"]
[BlackElo "2132"]
[PlyCount "74"]
[EventDate "2013.09.08"]
[EventType "team-tourn"]
[EventRounds "11"]
[EventCountry "HUN"]
[SourceTitle "EXT 2016"]
[Source "ChessBase"]
[SourceDate "2015.10.08"]
[SourceVersion "1"]
[SourceVersionDate "2015.10.08"]
[SourceQuality "1"]
[WhiteTeam "Vizugy"]
[BlackTeam "Gyongyos Matra"]
[WhiteTeamCountry "HUN"]
[BlackTeamCountry "HUN"]

1. d4 e6 2. c4 f5 3. Nf3 Nf6 4. g3 d6 5. Bg2 Be7 6. Nc3 0-0 7. 0-0 Ne4 8. Qc2 Nxc3 9. Qxc3 a5 10. Qc2 Bf6 11. Bd2 e5 12. dxe5 dxe5 13. Bc3 e4 14. Rad1 Qe7 15. Nd4 Bxd4 16. Bxd4 Nc6 17. Bc3 Ne5 18. b3 Ng4 19. e3 Ra6 20. h3 Nh6 21. Rd5 Nf7 22. Rfd1 Rh6 23. Qe2 b6 24. Qb2 Rg6 25. Kh2 Be6 26. R5d2 Ng5 27. h4 Rh6 28. Rh1 f4 29. exf4 Nf3+ 30. Bxf3 exf3 31. Kg1 Rg6 32. Be5 Rd8 33. Rxd8+ Qxd8 34. Qd4 Qxd4 35. Bxd4 Bf5 36. Kh2 Rd6 37. Rd1 c5 0-1

[Event "HUN-chT2 Erkel 1213"]
[Site "Hungary"]
[Date "2013.04.07"]
[Round "10.5"]
[White "Goczo, Melinda"]
[Black "Kulcsar, Tamas"]
[Result "1-0"]
[WhiteElo "2234"]
[BlackElo "2088"]
[PlyCount "61"]
[EventDate "2012.09.16"]
[EventType "team-tourn"]
[EventRounds "11"]
[EventCountry "HUN"]
[SourceTitle "EXT 2014"]
[Source "ChessBase"]
[SourceDate "2013.11.20"]
[SourceVersion "1"]
[SourceVersionDate "2013.11.20"]
[SourceQuality "1"]
[WhiteTeam "Paszto"]
[BlackTeam "Vizugy"]
[WhiteTeamCountry "HUN"]
[BlackTeamCountry "HUN"]

1. d4 Nf6 2. c4 g6 3. Nc3 Bg7 4. Bg5 h6 5. Bh4 0-0 6. Nf3 d6 7. e3 Nbd7 8. Be2 b6 9. 0-0 Bb7 10. d5 c5 11. Ne1 a6 12. a4 Qc7 13. Qc2 Rfe8 14. Nd3 Nf8 15. f4 e6 16. dxe6 Rxe6 17. f5 gxf5 18. Nf4 Re5 19. Bxf6 Bxf6 20. Nfd5 Bxd5 21. Nxd5 Qd8 22. Rf3 Bg7 23. Raf1 Rb8 24. b3 Qd7 25. Bd3 Ne6 26. Bxf5 Rb7 27. Rg3 Kh8 28. Qd1 Qe8 29. Qh5 Nf8 30. Nf6 Qe7 31. Qxh6+ 1-0

[Event "HUN-chT2 Erkel 1213"]
[Site "Hungary"]
[Date "2012.12.02"]
[Round "5.5"]
[White "Gara, Gyorgy"]
[Black "Kulcsar, Tamas"]
[Result "1/2-1/2"]
[WhiteElo "2133"]
[BlackElo "2088"]
[PlyCount "64"]
[EventDate "2012.09.16"]
[EventType "team-tourn"]
[EventRounds "11"]
[EventCountry "HUN"]
[SourceTitle "EXT 2014"]
[Source "ChessBase"]
[SourceDate "2013.11.20"]
[SourceVersion "1"]
[SourceVersionDate "2013.11.20"]
[SourceQuality "1"]
[WhiteTeam "Matra"]
[BlackTeam "Vizugy"]
[WhiteTeamCountry "HUN"]
[BlackTeamCountry "HUN"]

1. d4 Nf6 2. Bg5 Ne4 3. Bf4 c5 4. f3 Qa5+ 5. c3 Nf6 6. Nd2 cxd4 7. Nb3 Qb6 8. Qxd4 Qxd4 9. cxd4 d5 10. e3 Nc6 11. Bd3 e6 12. Ne2 Bd7 13. Rc1 Be7 14. g4 0-0 15. 0-0 Nb4 16. Bb1 Bb5 17. Kf2 Bd3 18. Rc7 Bxb1 19. Rxb1 Nd3+ 20. Kf1 Bd8 21. Rxb7 Bb6 22. Bd6 Rfc8 23. a4 Rc2 24. a5 Bd8 25. Ba3 Ne8 26. Nc5 Nd6 27. Nxd3 Nxb7 28. b4 Nd6 29. Nc5 Nc4 30. Bc1 Rb8 31. a6 Rb6 32. Ke1 Be7 1/2-1/2

[Event "HUN-chT2 Erkel 1213"]
[Site "Hungary"]
[Date "2012.09.16"]
[Round "1.5"]
[White "Becskei, Zoltan"]
[Black "Kulcsar, Tamas"]
[Result "1/2-1/2"]
[WhiteElo "2269"]
[BlackElo "2088"]
[PlyCount "82"]
[EventDate "2012.09.16"]
[EventType "team-tourn"]
[EventRounds "11"]
[EventCountry "HUN"]
[SourceTitle "EXT 2014"]
[Source "ChessBase"]
[SourceDate "2013.11.20"]
[SourceVersion "1"]
[SourceVersionDate "2013.11.20"]
[SourceQuality "1"]
[WhiteTeam "Szigetszentmiklos"]
[BlackTeam "Vizugy"]
[WhiteTeamCountry "HUN"]
[BlackTeamCountry "HUN"]

1. e4 c5 2. Nf3 d6 3. d4 cxd4 4. Nxd4 Nf6 5. Nc3 a6 6. Bc4 e6 7. Bb3 Be7 8. f4 Qc7 9. Qe2 Nc6 10. Nf3 Nd7 11. 0-0 0-0 12. Kh1 b5 13. Nd5 exd5 14. exd5 Na5 15. Qxe7 Nxb3 16. cxb3 Bb7 17. Bd2 Rfe8 18. Qg5 h6 19. Qg3 Bxd5 20. f5 Kh7 21. Rac1 Qb6 22. Bc3 f6 23. Rcd1 Bxf3 24. Qxf3 Ne5 25. Qg3 Rad8 26. h3 Qb7 27. Rd4 Qf7 28. Rfd1 Qh5 29. Rf1 Qf7 30. Bd2 Rd7 31. Rh4 Qd5 32. Bc3 Qd3 33. Qf2 Nf7 34. Rd4 Qe2 35. Qf4 Rde7 36. Rdd1 Re4 37. Qg3 Qh5 38. Rd2 Qg5 39. Qf2 Qh4 40. Qxh4 Rxh4 41. Kh2 Rhe4 1/2-1/2

[Event "HUN-chT2 Erkel 1112"]
[Site "Hungary"]
[Date "2012.05.06"]
[Round "10"]
[White "Simonyi, Zoltan"]
[Black "Kulcsar, Tamas"]
[Result "1-0"]
[WhiteElo "2209"]
[BlackElo "2119"]
[PlyCount "55"]
[EventDate "2011.09.25"]
[EventType "team-tourn"]
[EventRounds "11"]
[EventCountry "HUN"]
[SourceTitle "EXT 2013"]
[Source "ChessBase"]
[SourceDate "2012.11.22"]
[SourceVersion "1"]
[SourceVersionDate "2012.11.22"]
[SourceQuality "1"]
[WhiteTeam "Ujszasz"]
[BlackTeam "Vizugy"]
[WhiteTeamCountry "HUN"]
[BlackTeamCountry "HUN"]

1. d4 Nf6 2. c4 g6 3. Nc3 Bg7 4. e4 d6 5. Be2 0-0 6. Be3 e5 7. d5 Nbd7 8. Nf3 a5 9. Nd2 Nc5 10. a3 Ne8 11. b4 axb4 12. axb4 Rxa1 13. Qxa1 Na6 14. Qa5 f5 15. Nb3 fxe4 16. Nxe4 Bf5 17. Nbd2 Nf6 18. Bg5 h6 19. Bxf6 Bxf6 20. 0-0 Bg5 21. c5 Bxd2 22. Nxd2 Kg7 23. c6 Nb8 24. cxb7 Nd7 25. Nc4 Be4 26. f3 Bc2 27. Qa2 Bf5 28. g4 1-0

[Event "Budapest-chT1 Lilienthal 1112"]
[Site "Budapest"]
[Date "2012.02.26"]
[Round "8"]
[White "Tegzes, Laszlo"]
[Black "Kulcsar, Tamas"]
[Result "1/2-1/2"]
[WhiteElo "2073"]
[BlackElo "2119"]
[PlyCount "36"]
[EventDate "2011.10.02"]
[EventType "team-tourn"]
[EventRounds "11"]
[EventCountry "HUN"]
[SourceTitle "EXT 2020"]
[Source "ChessBase"]
[SourceDate "2019.10.17"]
[SourceVersion "1"]
[SourceVersionDate "2019.10.17"]
[SourceQuality "1"]
[WhiteTeam "Budapest HUSI II"]
[BlackTeam "Vizugy II"]
[WhiteTeamCountry "HUN"]
[BlackTeamCountry "HUN"]

1. e4 c5 2. c3 d5 3. exd5 Qxd5 4. d4 e6 5. Nf3 Nf6 6. Na3 Qd8 7. Nc2 Nc6 8. Bd3 Be7 9. 0-0 0-0 10. Qe2 Qc7 11. Bg5 b6 12. Ne5 Bb7 13. Rfe1 cxd4 14. cxd4 Nd5 15. Qe4 f5 16. Qh4 Bxg5 17. Qxg5 Nxe5 18. dxe5 Qd8 1/2-1/2

[Event "HUN-chT2 Erkel 1112"]
[Site "Hungary"]
[Date "2011.11.13"]
[Round "3.1"]
[White "Kulcsar, Tamas"]
[Black "Szalanczy, Emil"]
[Result "0-1"]
[WhiteElo "2119"]
[BlackElo "2347"]
[PlyCount "60"]
[EventDate "2011.09.25"]
[EventType "team-tourn"]
[EventRounds "11"]
[EventCountry "HUN"]
[SourceTitle "EXT 2013"]
[Source "ChessBase"]
[SourceDate "2012.11.22"]
[SourceVersion "1"]
[SourceVersionDate "2012.11.22"]
[SourceQuality "1"]
[WhiteTeam "Vizugy"]
[BlackTeam "Szigetszentmiklos"]
[WhiteTeamCountry "HUN"]
[BlackTeamCountry "HUN"]

1. d4 c5 2. d5 e6 3. c4 exd5 4. cxd5 d6 5. Nc3 g6 6. Nf3 Bg7 7. Nd2 Nd7 8. e4 a6 9. a4 Ne7 10. Be2 0-0 11. 0-0 f5 12. Nc4 Ne5 13. Nxe5 Bxe5 14. Bg5 f4 15. Bg4 Kg7 16. Bxc8 Rxc8 17. Qd3 h6 18. Bxe7 Qxe7 19. f3 g5 20. Kf2 h5 21. h3 c4 22. Qd1 Qc7 23. Qe2 Qc5+ 24. Ke1 b5 25. axb5 axb5 26. Ra5 Ra8 27. Rxa8 Rxa8 28. Qd2 b4 29. Nd1 Ra2 30. Qc1 c3 0-1

[Event "Budapest-chT1 Lilienthal 1011"]
[Site "Budapest"]
[Date "2011.03.06"]
[Round "10"]
[White "Kulcsar, Tamas"]
[Black "Metaxasz, Vaszilisz"]
[Result "1/2-1/2"]
[WhiteElo "2119"]
[BlackElo "2140"]
[PlyCount "49"]
[EventDate "2010.09.19"]
[EventType "team-tourn"]
[EventRounds "11"]
[EventCountry "HUN"]
[SourceTitle "EXT 2020"]
[Source "ChessBase"]
[SourceDate "2019.10.17"]
[SourceVersion "1"]
[SourceVersionDate "2019.10.17"]
[SourceQuality "1"]
[WhiteTeam "Vizugy II"]
[BlackTeam "Taban Spartacus II"]
[WhiteTeamCountry "HUN"]
[BlackTeamCountry "HUN"]

1. d4 d5 2. c4 c6 3. Nf3 Nf6 4. Nc3 dxc4 5. a4 Bg4 6. Ne5 Bh5 7. g3 e6 8. Bg2 Bb4 9. 0-0 Nd5 10. Nxc4 0-0 11. Qd3 Na6 12. e4 Nb6 13. Ne5 Bd6 14. Nxc6 Qd7 15. e5 Bc7 16. Na5 Bxe5 17. Nxb7 Nb4 18. Qb5 Qxb5 19. Nxb5 Nc2 20. dxe5 Nxa1 21. Be3 Nb3 22. Nc5 Nxc5 23. Bxc5 Nxa4 24. Bxf8 Rxf8 25. Ra1 1/2-1/2

[Event "Budapest-chT1 Lilienthal 1011"]
[Site "Budapest"]
[Date "2011.01.23"]
[Round "7"]
[White "Kulcsar, Tamas"]
[Black "Emodi, Gyula"]
[Result "1/2-1/2"]
[WhiteElo "2119"]
[BlackElo "2246"]
[PlyCount "39"]
[EventDate "2010.09.19"]
[EventType "team-tourn"]
[EventRounds "11"]
[EventCountry "HUN"]
[SourceTitle "EXT 2020"]
[Source "ChessBase"]
[SourceDate "2019.10.17"]
[SourceVersion "1"]
[SourceVersionDate "2019.10.17"]
[SourceQuality "1"]
[WhiteTeam "Vizugy II"]
[BlackTeam "Penzugyor III"]
[WhiteTeamCountry "HUN"]
[BlackTeamCountry "HUN"]

1. d4 d5 2. c4 e6 3. Nc3 Nc6 4. Nf3 a6 5. e4 dxe4 6. Nxe4 Nf6 7. Nxf6+ Qxf6 8. a3 h6 9. Be3 Bd6 10. Be2 0-0 11. 0-0 Rd8 12. Qc2 e5 13. d5 Nd4 14. Bxd4 exd4 15. Rad1 c5 16. dxc6 bxc6 17. Nxd4 Bxh2+ 18. Kxh2 Rxd4 19. Rxd4 Qxd4 20. Rd1 1/2-1/2

[Event "Budapest-chT1 Lilienthal 1011"]
[Site "Budapest"]
[Date "2010.12.12"]
[Round "6"]
[White "Horvath, David G"]
[Black "Kulcsar, Tamas"]
[Result "1-0"]
[WhiteElo "2305"]
[BlackElo "2119"]
[PlyCount "61"]
[EventDate "2010.09.19"]
[EventType "team-tourn"]
[EventRounds "11"]
[EventCountry "HUN"]
[SourceTitle "EXT 2020"]
[Source "ChessBase"]
[SourceDate "2019.10.17"]
[SourceVersion "1"]
[SourceVersionDate "2019.10.17"]
[SourceQuality "1"]
[WhiteTeam "Csepel"]
[BlackTeam "Vizugy II"]
[WhiteTeamCountry "HUN"]
[BlackTeamCountry "HUN"]

1. d4 Nf6 2. c4 e6 3. Nf3 Bb4+ 4. Bd2 Qe7 5. g3 0-0 6. Nc3 c5 7. d5 exd5 8. cxd5 d6 9. Bg2 Re8 10. e3 Bf5 11. 0-0 Bd3 12. Re1 Nbd7 13. e4 c4 14. Nd4 Qd8 15. f3 Bc5 16. Be3 a6 17. Kh1 b5 18. Bg1 Qb6 19. Nce2 Bxe2 20. Rxe2 Nxd5 21. exd5 Rxe2 22. Nxe2 Re8 23. Nf4 g5 24. Nh3 Ne5 25. f4 gxf4 26. gxf4 Nd3 27. Qh5 Bxg1 28. Rxg1 Nf2+ 29. Nxf2 Qxf2 30. Qh6 Re1 31. Bf1+ 1-0

[Event "Budapest-chT1 Lilienthal 1011"]
[Site "Budapest"]
[Date "2010.11.28"]
[Round "5"]
[White "Kulcsar, Tamas"]
[Black "Bednay, Dezso"]
[Result "1-0"]
[WhiteElo "2119"]
[BlackElo "2304"]
[PlyCount "81"]
[EventDate "2010.09.19"]
[EventType "team-tourn"]
[EventRounds "11"]
[EventCountry "HUN"]
[SourceTitle "EXT 2020"]
[Source "ChessBase"]
[SourceDate "2019.10.17"]
[SourceVersion "1"]
[SourceVersionDate "2019.10.17"]
[SourceQuality "1"]
[WhiteTeam "Vizugy II"]
[BlackTeam "Hid Unio"]
[WhiteTeamCountry "HUN"]
[BlackTeamCountry "HUN"]

1. d4 Nf6 2. c4 e6 3. Nc3 Bb4 4. Qc2 Nc6 5. Nf3 d6 6. Bd2 e5 7. d5 Bxc3 8. Bxc3 Ne7 9. Nd2 0-0 10. e3 Nd7 11. Bd3 f5 12. f4 c6 13. 0-0-0 e4 14. Be2 cxd5 15. cxd5 Kh8 16. Nc4 Nf6 17. Bb4 Nfxd5 18. Bxd6 Be6 19. Qb3 Rc8 20. Kb1 Re8 21. Be5 Qd7 22. Qa3 Qc6 23. Rc1 Qc5 24. Qxc5 Rxc5 25. Bd4 Rc7 26. Nd6 Rxc1+ 27. Rxc1 Rb8 28. Bxa7 Ra8 29. Bd4 Nb4 30. a3 Ba2+ 31. Ka1 Bb3 32. Rc7 Nc2+ 33. Kb1 Nxd4 34. exd4 Nd5 35. Rxb7 Nxf4 36. Rxb3 Nxe2 37. Nxf5 g6 38. Nd6 Nxd4 39. Rb4 Nf5 40. Nxe4 Ne3 41. g3 1-0

[Event "HUN-chT2 Breyer 1011"]
[Site "Hungary"]
[Date "2010.11.07"]
[Round "5.1"]
[White "Kulcsar, Tamas"]
[Black "Juhasz, Mark"]
[Result "1-0"]
[WhiteElo "2119"]
[BlackElo "2232"]
[PlyCount "75"]
[EventDate "2010.09.12"]
[EventType "team-tourn"]
[EventRounds "11"]
[EventCountry "HUN"]
[SourceTitle "EXT 2012"]
[Source "ChessBase"]
[SourceDate "2011.11.24"]
[SourceVersion "1"]
[SourceVersionDate "2011.11.24"]
[SourceQuality "1"]
[WhiteTeam "Vizugy"]
[BlackTeam "Zsambek"]
[WhiteTeamCountry "HUN"]
[BlackTeamCountry "HUN"]

1. d4 Nf6 2. c4 g6 3. Nc3 Bg7 4. e4 d6 5. Be2 0-0 6. Bg5 Nbd7 7. Qd2 c5 8. d5 b5 9. cxb5 Qa5 10. Nf3 a6 11. 0-0 axb5 12. Bxb5 Ba6 13. Bxa6 Rxa6 14. Rab1 Rb8 15. h3 Rb4 16. a3 Rb7 17. Qe2 Ne8 18. b4 Qxa3 19. Bc1 Qxc3 20. Qxa6 Rxb4 21. Bd2 Qc4 22. Qc8 Rxb1 23. Qxe8+ Nf8 24. Rxb1 Qxe4 25. Re1 Qxd5 26. Rxe7 h6 27. Bf4 c4 28. Rd7 c3 29. Rxd6 Qc4 30. Be3 Kh7 31. Rc6 Qb5 32. Rc8 Qb1+ 33. Kh2 Qf5 34. Rc5 Qd3 35. Qxf7 Qd6+ 36. g3 Ne6 37. Rc8 c2 38. Qg8# 1-0